El contencioso administrativo en el Estado de derecho constitucional democrático (Registro nro. 24240)

Detalles MARC
000 -LEADER
fixed length control field 00359 a2200109 4500
001 - CONTROL NUMBER
control field ART_47107
005 - DATE AND TIME OF LATEST TRANSACTION
control field 20260410161842.0
008 - FIXED-LENGTH DATA ELEMENTS--GENERAL INFORMATION
fixed length control field 260409a
100 1# - MAIN ENTRY--PERSONAL NAME
Personal name Pérez Hualde, Alejandro
245 10 - TITLE STATEMENT
Title El contencioso administrativo en el Estado de derecho constitucional democrático
773 0# - HOST ITEM ENTRY
Title RAP
Related parts - Año 40, Nº 470 (nov. 2017)
Record control number REV5941

No hay ítems disponibles.